Welcome to the Holygrace Academy Library

Please use search bar below to get started

THE BIRDMAN (Record no. 3362)

MARC details
000 -LEADER
fixed length control field 00303nam a22001337a 4500
020 ## - INTERNATIONAL STANDARD BOOK NUMBER
ISBN 978-81-264-2080-3
082 ## - DEWEY DECIMAL CLASSIFICATION NUMBER
Classification number 823
Item number RAM/B
100 ## - MAIN ENTRY--AUTHOR NAME
Personal name RAMCHANDANI, VINITHA
245 ## - TITLE STATEMENT
Title THE BIRDMAN
260 ## - PUBLICATION, DISTRIBUTION, ETC. (IMPRINT)
Place of publication KOTTAYAM
Name of publisher DC BOOKS
300 ## - PHYSICAL DESCRIPTION
Number of Pages 23.1.2019
650 ## - SUBJECT ADDED ENTRY--TOPICAL TERM
Topical Term ENGLISH SHORT STORY
Geographic subdivision KERALA
942 ## - ADDED ENTRY ELEMENTS (KOHA)
Koha item type Books
Holdings
Withdrawn status Lost status Collection code Home library Current library Shelving location Date acquired Source of acquisition Cost, normal purchase price Full call number Accession Number Koha item type
    Fiction Main Library Main Library SHELF 3- E- ENGLISH CHILDRENS LITERATURE &MYTHOLOGY 23/01/2019 PURCHASE 60.00 823 RAM/B 10559 Books